000 00991nam a2200289 i 4500
001 81936
003 ES-MaACL
005 20240524161006.0
007 t|
008 041108s1978 sp ||||1| spa d
020 _a84-500-2977-5
080 _a72.034(460.182 B.)
080 _a711.034(460.182 B.)
100 1 _aIglesias Rouco, Lena Saladina.
_965134
245 1 0 _aArquitectura y urbanismo de Burgos bajo el reformismo ilustrado (1747-1813) /
_cLena Saladina Iglesias Rouco.
250 _a1ª ed.
260 _aBurgos :
_bCaja de Ahorros Municipal de Burgos,
_c1978.
300 _a151 p., 7 lám. :
_bil. ;
_c24 cm.
490 1 _aBiblioteca universitaria burgalesa
504 _aBibliografía: p. 141-151.
650 4 _aArquitectura-
_zBurgos (Provincia)
_99988
650 4 _aUrbanismo-
_zBurgos (Provincia)
_9174558
710 2 _aCaja de Burgos.
_9151308
830 1 _aBiblioteca universitaria burgalesa
_9231553
852 4 _aES-MaACL
_jA-10313
999 _c81936
_d81936